<?xml version="1.0" encoding="UTF-8"?>
<record
    xmlns:xsi="http://www.w3.org/2001/XMLSchema-instance"
    xsi:schemaLocation="http://www.loc.gov/MARC21/slim http://www.loc.gov/standards/marcxml/schema/MARC21slim.xsd"
    xmlns="http://www.loc.gov/MARC21/slim">

  <leader>01081nam a2200325 i 4500</leader>
  <controlfield tag="001">187196</controlfield>
  <controlfield tag="003">OSt</controlfield>
  <controlfield tag="005">20180921</controlfield>
  <controlfield tag="008">0000002011                          dr ADN 0000000000spa00</controlfield>
  <datafield tag="100" ind1=" " ind2=" ">
    <subfield code="a">Cordero Andujar, Rogelio J</subfield>
  </datafield>
  <datafield tag="245" ind1=" " ind2=" ">
    <subfield code="a">Uso correcto de analg&#xE9;sicos en el post-quir&#xFA;rgico en odontolog&#xED;a, Cl&#xED;nica Modular UCE en el periodo septiembre-diciembre 2010</subfield>
    <subfield code="c">Rogelio J. Cordero And&#xFA;jar ; asesores Rogelio Cordero, Xiomara Hilario</subfield>
  </datafield>
  <datafield tag="260" ind1=" " ind2=" ">
    <subfield code="a">San Pedro de Macor&#xED;s :</subfield>
    <subfield code="b">Universidad Central del Este</subfield>
  </datafield>
  <datafield tag="300" ind1=" " ind2=" ">
    <subfield code="a">98 h.</subfield>
  </datafield>
  <datafield tag="502" ind1=" " ind2=" ">
    <subfield code="a">Tesis (Doctor en Odontolog&#xED;a) -- Universidad Central del Este, 2011</subfield>
  </datafield>
  <datafield tag="504" ind1=" " ind2=" ">
    <subfield code="a">Incluye bibliograf&#xED;a e &#xED;ndice</subfield>
  </datafield>
  <datafield tag="650" ind1=" " ind2=" ">
    <subfield code="a">Analg&#xE9;sicos</subfield>
    <subfield code="a">Farmacolog&#xED;a odontol&#xF3;gica</subfield>
    <subfield code="a">Medicamentos</subfield>
    <subfield code="a">Prescripciones odontol&#xF3;gicas</subfield>
    <subfield code="a">TC6202</subfield>
    <subfield code="a">Tesis y disertaciones acad&#xE9;micas</subfield>
  </datafield>
  <datafield tag="700" ind1=" " ind2=" ">
    <subfield code="a">Cordero, Rogelio, ases</subfield>
    <subfield code="a">Hilario, Xiomara, ases</subfield>
  </datafield>
  <datafield tag="040" ind1=" " ind2=" ">
    <subfield code="a">DLC</subfield>
    <subfield code="c">DLC</subfield>
  </datafield>
  <datafield tag="942" ind1=" " ind2=" ">
    <subfield code="2">ddc</subfield>
    <subfield code="c">TH</subfield>
  </datafield>
  <datafield tag="999" ind1=" " ind2=" ">
    <subfield code="c">187196</subfield>
    <subfield code="d">18719600</subfield>
  </datafield>
  <datafield tag="952" ind1=" " ind2=" ">
    <subfield code="0">0</subfield>
    <subfield code="1">0</subfield>
    <subfield code="2">ddc</subfield>
    <subfield code="4">0</subfield>
    <subfield code="7">0</subfield>
    <subfield code="a">1</subfield>
    <subfield code="b">1</subfield>
    <subfield code="d">2018-08-17</subfield>
    <subfield code="o">T 617.6 C794u 2011</subfield>
    <subfield code="y">TH</subfield>
  </datafield>
  <datafield tag="952" ind1=" " ind2=" ">
    <subfield code="0">0</subfield>
    <subfield code="1">0</subfield>
    <subfield code="2">ddc</subfield>
    <subfield code="4">0</subfield>
    <subfield code="7">0</subfield>
    <subfield code="a">1</subfield>
    <subfield code="b">1</subfield>
    <subfield code="d">2018-08-17</subfield>
    <subfield code="o">T 617.6 C794u 2011</subfield>
    <subfield code="y">TH</subfield>
  </datafield>
</record>
